000
00265nam a22001217a 4500
008
170814b xxu||||| |||| 00| 0 eng d
041
_a
ALB
080
_a
51
100
_a
36
101
_a
MAT
245
_a
PERMBLEDHJE ME 500 DEETYRA
_c
BRAHA.N
942
_2
udc
_c
BK
999
_c
23373
_d
23373